000 00739nam a2200217Ia 4500
005 20241129105922.0
008 241129s9999||||xx |||||||||||||| ||und||
020 _a978-93-91524-01-2
037 _aTB
040 _aARTS
_bhin
_cARTS
041 _ahin
_2hin
084 _aO152,1:g R2
_qARTS
100 _aयादव, चौथीराम, ले.
245 0 _aलोकजागरण के सूत्रधार
_cयादव, चौथीराम, ले.
260 _aनई दिल्ली, भारत
_bअनामिका पब्लिशर्स
_c2019
300 _a127पृ0
365 _aINR
_b395
650 _aHindi Poetry
_97134
942 _cTB
_hO152,1:g R2
999 _c1226584
_d1226584